000 00758nam a2200229 i 4500
001 bg
100 1 _aTADEUSIEWICZ, Ryszard
_d(1947- )
245 1 0 _aSpołeczność Internetu /
_cRyszard Tadeusiewicz.
260 _aWarszawa :
_b"Exit",
_c2002.
300 _a302 s. ;
_c24 cm.
490 1 _aProblemy Współczesnej Nauki : teoria i zastosowania. Informatyka
650 9 _aInternet
_xsocjologia
830 0 _aProblemy Współczesnej Nauki : teoria i zastosowania.
_pInformatyka
020 _a8387674338
040 _cBPK
041 _apol
080 _a316:004.738.5
920 _a83-87674-33-8
942 _cKS
008 s pl f |000 0 pol
999 _c40733
_d40733
856 _uhttp://koha.tu.koszalin.pl/cgi-bin/koha/opac-detail.pl?biblionumber=40733
_yKatalog online BPK